[Event "Cheliabinsk"]
[Site "Cheliabinsk"]
[Date "1993.??.??"]
[Round "?"]
[White "Shcherbakov, Ruslan"]
[Black "Tolstikh, Nikolay"]
[Result "1/2-1/2"]
[WhiteElo "2580"]
[BlackElo "2380"]
[Annotator "Belov,I"]
[PlyCount "79"]
[EventDate "1993.12.??"]
[EventType "tourn"]
[EventRounds "12"]
[EventCountry "RUS"]
[EventCategory "10"]
[SourceTitle "CBM 039"]
[Source "ChessBase"]
[SourceDate "1994.04.01"]
[SourceVersion "1"]
[SourceVersionDate "1994.04.01"]
[SourceQuality "1"]

1. d4 d5 2. c4 c6 3. Nf3 Nf6 4. Nc3 dxc4 5. a4 Bf5 6. e3 e6 7. Bxc4 Bb4 8. O-O
Nbd7 9. Qe2 Bg6 10. e4 O-O 11. Bd3 Qa5 {Smyslov/} 12. e5 Nd5 13. Bxg6 (13. Ne4
$5) 13... fxg6 14. Ne4 c5 15. Neg5 (15. Nd6 $5 Qa6 16. Qxa6 bxa6 {Kasparov,
G-Short,N /London (m/3)/1993 0,5 34/} 17. Be3 $14) 15... Rfe8 $5 $146 (15...
Rae8 16. Qe4 cxd4 17. Nxd4 Nc5 18. Qh4 h6 19. Ngf3 Qd8 20. Qg4 Kh7 21. Rd1 Qd7
$10 {Razuvaev,Y-Smyslov,V /Rostov/1993/}) 16. Qe4 Qb6 (16... cxd4 17. Nxh7 (17.
Nxd4 Nc5 18. Qf3 $1 Re7 19. Qh3 h6 20. Ngxe6 $16) 17... Kxh7 18. Ng5+ Kg8 19.
Qxg6 Nf8 20. Qf7+ Kh8 21. Qh5+ (21. Rd1 Qc7 22. Qh5+ Kg8 23. Rd3 Rac8 $17)
21... Kg8 22. Qf7+ $10) 17. a5 $5 Qc6 (17... Bxa5 $6 18. Nxe6 $1 Qxe6 19. Rxa5
$16) 18. Bd2 (18. Nxh7 Kxh7 19. Ng5+ Kg8 20. Qxg6 Nf8 $10) 18... Bxd2 (18... h6
$5) 19. Nxd2 Nb4 20. Qxc6 Nxc6 21. dxc5 Nxc5 $1 (21... Ndxe5 22. Nge4 Nd3 23.
b3 $16) 22. f4 Red8 23. Nde4 Nxe4 24. Nxe4 $14 Rd5 25. a6 Rb8 (25... bxa6 26.
Rxa6 Nd4 27. g3 $14) 26. axb7 Rxb7 27. Rfc1 Rb6 28. Ra4 h6 29. Rac4 Rd4 $1 $8 (
29... Ne7 $2 30. Rc7 Nf5 31. Rxa7 $18) 30. Nd6 Rxc4 31. Rxc4 Kf8 32. b4 g5 $1
$10 33. b5 Ne7 34. g3 gxf4 35. gxf4 Nf5 $10 36. Rc8+ Ke7 37. Rc7+ Kd8 38. Rxa7
Nxd6 39. exd6 g5 40. fxg5 1/2-1/2

[Event "YUG Cup"]
[Site "Ulcinj"]
[Date "1998.??.??"]
[Round "4"]
[White "Scekic, Milos"]
[Black "Pajkovic, Vladimir"]
[Result "1-0"]
[WhiteElo "2430"]
[BlackElo "2405"]
[Annotator "Bulletin"]
[PlyCount "45"]
[EventDate "1998.??.??"]
[EventType "team"]
[EventRounds "7"]
[EventCountry "YUG"]
[SourceTitle "EXT 1999"]
[Source "ChessBase"]
[SourceDate "1998.11.16"]
[SourceVersion "1"]
[SourceVersionDate "1998.11.16"]
[SourceQuality "1"]

1. d4 d5 2. Nf3 c6 3. c4 Nf6 4. Nc3 dxc4 5. a4 Bf5 6. e3 e6 7. Bxc4 Bb4 8. O-O
Nbd7 9. Qe2 O-O 10. Rd1 Qc7 11. e4 Bg6 12. Nh4 Bh5 13. f3 c5 14. d5 Ne5 15. d6
Qd8 16. g3 h6 17. Bf4 $4 Nxc4 18. Qxc4 g5 19. Be3 gxh4 20. g4 Bxg4 $4 21. Bxh6
$4 (21. fxg4 $8) 21... Bxf3 $1 22. Bg5 $2 Kh7 23. e5 (23. e5 Rg8 $1 24. Qxh4+
Nh5 25. Ne4 Bxd1 26. Rxd1 Rxg5+ $1 27. Nxg5+ Kg6 $19) 1-0

[Event "Ceske Budejovice op"]
[Site "Ceske Budejovice"]
[Date "1992.??.??"]
[Round "7"]
[White "Guliev, Sarhan"]
[Black "Meduna, Eduard"]
[Result "1-0"]
[WhiteElo "2470"]
[BlackElo "2435"]
[Annotator "Bulletin"]
[PlyCount "69"]
[EventDate "1992.??.??"]
[EventType "swiss"]
[EventRounds "9"]
[EventCountry "CSR"]
[SourceTitle "TD"]
[Source "ChessBase"]
[SourceDate "1994.03.01"]
[SourceVersion "1"]
[SourceVersionDate "1994.03.01"]
[SourceQuality "1"]

1. d4 d5 2. c4 c6 3. Nc3 Nf6 4. Nf3 dxc4 5. a4 Bf5 6. e3 e6 7. Bxc4 Nbd7 8. O-O
Bb4 9. Qe2 O-O 10. Ne5 Ne4 11. Na2 Be7 12. f3 Nxe5 13. dxe5 Nc5 14. e4 Bg6 15.
Nc3 Nb3 $5 16. Bxb3 Qb6+ 17. Be3 Qxb3 18. f4 f5 19. exf6 Bxf6 (19... Rxf6 20.
Bd4 $2 Rf7 21. f5 exf5 (21... c5 22. fxg6 Rxf1+ 23. Rxf1 cxd4 24. gxh7+ Kh8)
22. exf5 Bxf5 23. Rxf5 Rxf5 24. Qxe7 Rf7 25. Qe2) 20. Bc5 $1 Bxc3 (20... Rfd8
21. Ra3) 21. bxc3 Qxc3 (21... Rfd8 22. Ra3) 22. Rac1 Qb3 23. Rb1 Qxa4 24. Rb4
Qa5 25. Bxf8 Rxf8 26. Rxb7 Qc5+ 27. Kh1 Qd4 28. f5 exf5 29. exf5 Bf7 (29...
Bxf5 30. Qa2+ Qd5 31. Qxa7) 30. f6 gxf6 31. Qe7 a5 32. h3 Kg7 33. Re1 Qd8 34.
Qa3 Re8 $1 (34... Kh8 35. Ree7 Bg6 36. Rbd7 Qb8 37. Qxa5) 35. Qg3+ (35. Qg3+
Kh8 36. Rxe8+ Qxe8 37. Rb8) 1-0

[Event "POL-ch 52nd"]
[Site "Warsaw"]
[Date "1995.??.??"]
[Round "8"]
[White "Kempinski, Robert"]
[Black "Wojtkiewicz, Aleksander"]
[Result "1/2-1/2"]
[WhiteElo "2435"]
[BlackElo "2530"]
[Annotator "Bulletin"]
[PlyCount "101"]
[EventDate "1995.02.11"]
[EventType "tourn"]
[EventRounds "17"]
[EventCountry "POL"]
[EventCategory "8"]
[SourceTitle "EXT 1999"]
[Source "ChessBase"]
[SourceDate "1998.11.16"]
[SourceVersion "1"]
[SourceVersionDate "1998.11.16"]
[SourceQuality "1"]

1. d4 d5 2. Nf3 c6 3. c4 Nf6 4. Nc3 dxc4 5. a4 Bf5 6. e3 e6 7. Bxc4 Bb4 8. O-O
Nbd7 9. Qe2 Bg6 10. e4 O-O 11. Bd3 Bh5 12. Rd1 e5 13. Be3 Qe7 14. h3 exd4 15.
Bxd4 Rfe8 16. Re1 Bxf3 17. Qxf3 Ne5 18. Qg3 Rad8 19. Bxe5 Nh5 $1 20. Qf3 Qxe5
21. Bc4 Nf6 22. Re2 Rd4 23. Bd3 g6 24. g3 h5 25. Bc2 h4 26. Kg2 Kg7 27. Rd1
Bxc3 28. bxc3 Rxd1 29. Bxd1 hxg3 30. fxg3 Nd7 (30... Nxe4 31. Bc2 f5 32. g4)
31. h4 a5 32. Bc2 Re6 33. Rd2 Nc5 34. Rd4 Re7 35. Bb1 Re8 36. Ba2 Qf6 37. Qe3
Re5 38. Bb1 Qe6 39. Qf4 Qe7 40. Bc2 Qf6 41. Qxf6+ Kxf6 42. c4 Re8 43. Kf3 Rh8
44. Rd1 Ke5 45. Ke3 g5 46. Rh1 Rh6 $2 (46... Nd7 47. Bd1 Nf6 48. Bf3 g4) 47. h5
g4 48. Rf1 $1 Rxh5 49. Rxf7 Ne6 50. Bd1 Rh3 51. Rf5+ 1/2-1/2

[Event "Moscow Aeroflot op-A"]
[Site "Moscow"]
[Date "2005.02.18"]
[Round "4"]
[White "Van Wely, Loek"]
[Black "Ni, Hua"]
[Result "1/2-1/2"]
[WhiteElo "2679"]
[BlackElo "2625"]
[Annotator "Cifuentes Parada,L"]
[PlyCount "77"]
[EventDate "2005.02.15"]
[EventType "swiss"]
[EventRounds "9"]
[EventCountry "RUS"]
[SourceTitle "CBM 106"]
[Source "ChessBase"]
[SourceDate "2005.06.06"]
[SourceVersion "1"]
[SourceVersionDate "2005.06.06"]
[SourceQuality "1"]

1. d4 d5 2. c4 c6 3. Nf3 Nf6 4. Nc3 dxc4 5. a4 Bf5 6. e3 e6 7. Bxc4 Bb4 8. O-O
O-O 9. Qe2 Ne4 $5 10. Bd3 (10. Nxe4 Bxe4 11. Rd1 Nd7 12. Bd3 Bxd3 13. Qxd3 Qa5
14. e4 Rfe8 15. Bf4 Rad8 16. Qb3 h6 17. Rac1 Qb6 18. h3 Nf6 $11) (10. g4 Bg6
11. Ne5 Nxc3 12. bxc3 Bxc3 13. Nxg6 hxg6 14. Rb1 Qe7 15. f4 c5 16. dxc5 Nc6 17.
Ba3 a5 18. Rbc1 Bb4 19. Bxb4 axb4 20. Bb5 Rfd8 21. Rfd1 Rxd1+ 22. Qxd1 e5 23.
Qd6 Qh4 24. Bxc6 bxc6 25. Qxc6 Rd8 26. Qg2 exf4 27. exf4 Qe7 28. Qf3 Qa7 29.
Qe3 Qxa4 30. c6 Qa3 {1/2-1/2 Alekhine,A-Euwe,M/Netherlands 1937}) 10... Bxc3 (
10... Nxc3 11. bxc3 Bxd3 (11... Bxc3 $6 12. Bxf5 $1 exf5 (12... Bxa1 $2 13. Bc2
g6 14. Qd3 $18) 13. Rb1 Qc8 14. Ba3 Rd8 15. Ng5 $16 {Naidorf,M-Kashdan/Buenos
Aires-New York/1947/}) 12. Qxd3 Be7 13. e4 Qc7 14. g3 Nd7 15. Bf4 Bd6 16. Bxd6
Qxd6 17. e5 Qe7 18. Rab1 Rab8 19. Nd2 Rfd8 20. Nc4 h6 21. f4 f5 22. Qe2 Kh7 23.
a5 b5 24. axb6 axb6 25. Qf3 Rdc8 26. Nd6 Rc7 27. g4 g6 28. gxf5 gxf5 29. Kh1
Nf6 30. Rg1 Ng4 31. h3 Qh4 32. Qg3 Qh5 33. Ne4 fxe4 34. Qxg4 Qxg4 35. hxg4 Rf7
36. Rbf1 h5 37. f5 hxg4 38. f6 Rg8 39. Rf4 e3 40. Rfxg4 Rxg4 41. Rxg4 Ra7 42.
Kg2 Ra2+ 43. Kf3 Rc2 44. c4 b5 45. Kxe3 {1-0 Leitao,R-Toth,C/Americana 1996/
EXT 98}) 11. bxc3 (11. Bxe4 Bxe4 12. bxc3 c5 13. Ba3 Nd7 (13... Na6 14. Ne5 Qc7
15. f3 Bc6 16. Nxc6 Qxc6 17. Qb5 Rfc8 18. Rab1 cxd4 19. cxd4 Qxb5 20. axb5 Nc7
21. Rfc1 Nd5 22. e4 Nb6 23. Rxc8+ Rxc8 24. Bc5 Nd7 25. Ra1 Ra8 26. Kf2 {
1/2-1/2 Roiz,M-Postny,E/Ramat Aviv 2004/CBM 102 ext}) 14. Nd2 Bc6 15. Nb3 b6
16. a5 Qg5 17. f3 Rfc8 18. axb6 axb6 19. Bb2 h6 20. Rxa8 Rxa8 21. Ra1 Rxa1+ 22.
Bxa1 $11 c4 23. Nd2 b5 24. Bb2 Nb6 25. e4 Na4 26. Nf1 f5 27. h4 Qg6 28. Ne3
fxe4 29. f4 Qg3 30. f5 Nxb2 31. fxe6 Be8 32. Nf5 Qf4 33. Ne7+ Kf8 34. Nd5 Qc1+
35. Kh2 Nd3 36. Qg4 Qf1 37. e7+ Kg8 38. Nc7 Qh1+ 39. Kxh1 Nf2+ 40. Kg1 Nxg4 41.
Nxe8 Kf7 42. Nd6+ Kxe7 43. Nxb5 Ke6 44. Kf1 Ne3+ 45. Kf2 Nd5 46. g3 Kd7 47. Na3
Nxc3 48. Nxc4 Nd5 49. Ke2 {1/2-1/2 Farago,I-Luther,T/Bad Zwesten 2002/CBM 086
ext}) 11... Nxc3 12. Qc2 Bxd3 13. Qxd3 Nd5 14. Ba3 (14. Rb1 a5 $5 (14... b6 15.
Ba3 Re8 16. Rfc1 {Traspone a la partida modelo.}) 15. Rxb7 (15. Ba3 Nb4 16.
Bxb4 axb4 17. Rxb4 c5 (17... Nd7 $5 18. Rc1 Qc7) 18. Rxb7 cxd4 19. Rfb1 (19.
Qxd4 Qxd4 20. Nxd4 Rxa4 21. Rc1 h6 22. h3 $14 Na6 23. Nc6 g6 24. Ra7 Kg7 25.
Nd4 Kf6) 19... dxe3 20. Qxe3 Nc6 21. Qc5 Qd5 22. Qxd5 exd5 23. Rc7 Nd8 24. Ra1
Ne6 25. Rd7 Ra5 $11) 15... Na6 (15... Nb4 $2 16. Qe4 Qc8 (16... Qd5 17. Qg4 $1
Nd7 18. e4 Nf6 19. exd5 Nxg4 20. dxe6 fxe6 21. Bd2 $14) (16... N8a6 {San
Segundo} 17. Ne5 Qc8 18. Rd7 Nb8 19. Rd6 Qc7 20. Nc4 N8a6 21. Bb2 $14) 17. Ng5
g6 18. Qh4 h5 19. Re7 Nd5 (19... Qd8 20. Nxe6 $1 fxe6 21. Qg5 $18) 20. Ba3 $1
Nxe7 21. Bxe7 Re8 22. Ne4 Nd7 23. Nd6 Qc7 24. Nxe8 Rxe8 25. Ba3 e5 26. Rc1 $14)
16. Rb1 c5 17. Bb2 (17. dxc5 Ndb4 (17... Nxc5 18. Qd4) 18. Qd4 Rc8 19. Bb2 f6
$13) 17... Nab4 18. Qe2 (18. Qc4 $5 cxd4 19. Qxd4 f6 20. Rfc1 $14 Qe7 21. Qe4
e5 22. Qc4 Qe6) 18... cxd4 19. Nxd4 Qd7 20. e4 (20. Nb5 Rac8 21. e4 Nb6 22.
Rfd1 Qe7 23. Qg4 f6) 20... Nf6 (20... Nb6 21. Rfd1 Qxa4 22. Qg4 g6 23. Nxe6 $1)
21. Rfd1 (21. Nb5 Qd3 22. Qxd3 Nxd3 23. Ba3 Rfc8 24. Rfd1 Nf4) 21... Qxa4 22.
Ra1 Qe8 23. Ra3 $6 (23. Nb3 $142 $11) 23... Qe7 24. Rg3 Rfd8 25. h4 Rac8 26.
Ra1 Rc5 27. Qe3 (27. Raa3) 27... Nh5 28. Rg4 g6 29. Ra3 Qc7 30. Rg5 Nc2 $1 31.
Nxc2 (31. Rxc5 Qxc5 32. Nxc2 Qxc2 33. Qb6) 31... Rxc2 32. Be5 Qc5 33. Qxc5 Rxc5
34. Bc3 f5 35. exf5 exf5 36. Bxa5 Ra8 $2 (36... Rd1+ $1 37. Kh2 Rcc1 38. Rxh5
f4 39. g3 f3 40. g4 Rh1+ 41. Kg3 gxh5 42. gxh5 Rcg1+ 43. Kf4 Rxh4+ $19) 37. Bb4
Rc1+ 38. Kh2 Rxa3 39. Bxa3 Rc2 40. g4 fxg4 41. Rxg4 Rxf2+ 42. Kg1 Ra2 43. Bd6
Kf7 44. Rb4 Ke6 45. Bc5 Kf5 46. Rb7 Rc2 47. Ba7 Kg4 48. Rxh7 Ng3 49. Bb8 Kh3
50. Bxg3 Kxg3 51. Kf1 {1/2-1/2 Van Wely,L-San Segundo,P/ Mondariz (zt) 2000})
14... Re8 15. Rab1 b6 16. Rfc1 (16. Ne5 a5 17. Rfc1 Qc7) 16... a5 (16... Nf6 $5
{A.Alekhine} 17. Ne5 (17. e4 e5 $1 (17... c5 18. e5) 18. Rd1 exd4 19. e5 c5 20.
exf6 Qxf6 {~/= Alekhine,A} 21. a5 Nd7 22. Qb5 Nf8 $2 (22... Ne5 $1 23. Nxe5
Qxe5 24. Qc6 Qe6 $44) 23. Re1 Ne6 24. Bc1 Reb8 25. Ne5 Nf8 26. Bd2 $16 Rb7 27.
f4 h5 28. Qe2 g6 29. Qe4 Rbb8 30. Rb3 Re8 31. axb6 axb6 32. Reb1 Rab8 33. Qd5
Re6 34. Nc4 Rd8 35. Qg5 Nd7 36. f5 Rc6 37. Qxf6 Nxf6 38. fxg6 Nd5 39. gxf7+ Kf8
40. Rg3 Ne7 41. Bg5 Rd5 42. Bxe7+ Kxe7 43. Rf1 Rd8 44. Re1+ Kxf7 45. Ne5+ Kf6
46. Rg6+ Kf5 47. Rxc6 d3 48. Nxd3 {1-0 Najdorf,M-Liebstein,A/Mar del Plata
1944/HCL}) 17... Qd5 $1 (17... Nfd7 18. Nc4 $1 $44) 18. Qc3 (18. Qc2 c5 $1 19.
Rb5 a6 20. Rxb6 cxd4 21. exd4 (21. Qc7 Nbd7 22. Nxd7 Qxd7 23. Qxd7 Nxd7 24. Rb7
Nf6) 21... Qxd4 22. Qc7 Nbd7 23. Nxd7 Qxd7 24. Qxd7 Nxd7 25. Rb7 Ne5 {1/2-1/2
Marini,L-Rossetto,H/Mar del Plata 1951/MCL}) (18. f3 c5 $1) 18... Ne4 (18... c5
19. dxc5 Nc6 20. Nxc6 Qxc6 21. Qb3 h6 22. cxb6 Qxb6 {1/2-1/2 Saemisch,
F-Hermann/Lueneburg 1947/EXT 2001}) 19. Qb2 f6 (19... Nd6 20. f3 Nf5 21. Qc3 f6
22. Nd3 e5 23. dxe5 c5 24. Bb2 fxe5 25. Nxe5 Nd7 26. Nc4 Nf6 27. e4 Nxe4 28.
fxe4 Rxe4 29. Rf1 Nd4 30. Rf2 Rae8 31. Rbf1 Re2 32. h3 h5 33. Na3 R8e4 34. Nb5
Qa2 35. Nxd4 Rxf2 36. Rxf2 Rxd4 37. Qf3 Rd7 38. Qf8+ Kh7 39. Qf5+ {1-0
Petrosian,T-Levenfish,G/Gorky 1950/EXT 2001}) 20. Nc4 Ng5 21. f3 Nf7 22. e4 Qd7
23. a5 b5 24. Ne3 Na6 25. Qc3 Rac8 26. Rd1 Red8 27. Qb3 Rb8 28. Rbc1 Rdc8 (
28... b4 29. Bb2 Rb5 30. Qc4 Nb8) 29. Bb2 Nc7 30. Qc3 Na6 31. f4 Qe7 32. g4 Qb4
33. Qd3 Qxb2 34. Rb1 Nb4 35. Rxb2 Nxd3 36. Rxd3 a6 37. Rc2 Nd6 38. Rdc3 Nxe4
39. Rxc6 Rxc6 40. Rxc6 b4 41. Nc4 b3 42. Nb2 Kf7 43. Kg2 Rd8 44. Kf3 Rxd4 45.
Ke3 Rd2 46. Nc4 Rc2 47. Kxe4 b2 48. Nd6+ Ke7 49. Rb6 Rc6 50. Rxb2 Kxd6 51. Rb7
Rc7 52. Rb6+ Rc6 53. Rb7 Rc7 54. Rb6+ Rc6 55. Rb7 {1/2-1/2 Keres,P-Petrovs,V/
Tallinn 1938/EXT 2001}) 17. Ne5 (17. e4 Nb4 18. Bxb4 axb4 19. Rxb4 c5 {/\ Nc6=}
) (17. Qb3 Qc7 $1 18. e4 Nf4 {/\ Nd7 Tukmakov,V}) 17... Qc7 (17... Nb4 $143 18.
Bxb4 axb4 19. Nxc6 Nxc6 20. Rxc6 e5 $2 (20... Rxa4 21. Qb5 Ra5 22. Qxb4 e5 23.
Rxb6 Ra8 $14) 21. Rxb4 exd4 22. Rxd4 Qb8 23. Qb5 $18 Rc8 24. g3 Rxc6 25. Qxc6
h6 26. Rb4 Ra6 27. Qb5 Qa8 28. Rd4 Qc8 29. Re4 Kh7 30. Re7 Ra5 31. Qxb6 Qc1+
32. Kg2 Rf5 33. Qd4 Qc2 34. e4 Rf6 35. Re5 Rc6 36. a5 Qe2 37. Qd5 Rc1 38. Qxf7
Qf1+ 39. Kf3 Qd1+ 40. Kf4 Qd2+ 41. Kg4 {1-0, Euwe,M-Alekhine,A/World
championship (17) 1937}) 18. Qb3 (18. e4 Nb4 $1 19. Bxb4 axb4 20. Rxb4 c5 $1
21. Qb5 Nc6 $1 22. Qxb6 Qxb6 23. Rxb6 Nxe5 (23... Nxd4 24. Rc4 $14) 24. dxe5
Rxa4 25. Rc6 (25. f3 g5 26. Rxc5 Ra1+ 27. Kf2 Ra2+ 28. Kg3 Rd8 29. Rd6 Rb8 30.
Rd1 Rbb2 31. Rg1 Kg7 $11) 25... Rxe4 26. R6xc5 {1/2-1/2 Piket,J-Anand,V/Mónaco
2000}) (18. Qc4 Rc8 19. e4 Nf6 20. f3 Nfd7 21. Nd3 Na6) 18... Rd8 19. Qb2 $146
(19. g3 h6 (19... c5 20. Nd3 Nd7 21. dxc5 bxc5 22. Nxc5 Nxc5 23. Rxc5 Qe5) 20.
e4 Nf6 21. Qe3 c5 $1 22. Nf3 Na6 $6 (22... cxd4 $1 23. Nxd4 (23. Rxc7 dxe3 24.
Be7 exf2+ 25. Kg2 Na6 $1 26. Bxd8 Rxd8 27. Rc4 Nc5 $44) 23... Qe5 $36) 23. dxc5
Nxc5 24. Bxc5 bxc5 25. Rxc5 Qd7 26. Rcb5 Qc6 27. Re1 Qc2 28. Qb3 Qxb3 29. Rxb3
Rab8 30. Rb5 Rxb5 31. axb5 Rd3 32. Ne5 Rb3 33. Rc1 Rxb5 34. Rc8+ Kh7 35. Nxf7
Nxe4 36. f4 g5 37. Ne5 gxf4 38. Rc7+ Kg8 39. gxf4 a4 40. Ra7 Nc3 41. Kf2 Rb3
42. Nd7 Ne4+ 43. Kg2 a3 44. Ra4 Nc3 45. Ra8+ Kg7 46. Ra7 Rb2+ 47. Kf3 a2 48.
Ne5+ Kf8 49. Ng4 Rb1 {0-1 Van Wely,L-Bareev,E/Monaco 2004}) 19... f6 20. Nc4 c5
21. Nxb6 Qxb6 22. Qxb6 Nxb6 23. Rxb6 cxd4 24. exd4 Na6 (24... Ra6 $6 25. Bc5
Rc8 26. Rb7 Nc6 27. Bb6 Raa8 28. h3 $14) 25. Bd6 Rd7 26. Kf1 Rad8 27. Ba3 $6 (
27. Bc5 $5 Nxc5 (27... Nc7 28. Rc6 {/\Bb6} Re8 (28... Ra8 29. Rb1 Ra6 30. Rxa6
Nxa6 31. Rb5 Nxc5 32. dxc5 $16) 29. Bb6 Nd5 30. Rc8 $1 Rxc8 31. Rxc8+ Kf7 32.
Bxa5 Ra7 33. Rc5 Ke8 34. Ke2 Kd7 35. Kd3 Ne7 (35... Nf4+ 36. Kc4 Nxg2 37. Kb5
$16) 36. Kc4 Nc6 37. Bc3 $1 Rxa4+ $2 38. Kb5 Ra2 39. Rxc6 Rxf2 40. Ra6 Rxg2 41.
Bb4 $1 $18) 28. dxc5 Rd4 (28... Rd1+ 29. Rxd1 Rxd1+ 30. Ke2 Rc1 31. Rb5 $16) (
28... Kf7 29. Ra6 $16) 29. c6 (29. Rb7 Rc8 30. c6 Rxa4 31. c7 Rb4 $1) 29... Kf7
(29... Rd1+ 30. Rxd1 Rxd1+ 31. Ke2 Rc1 32. Kd3 Kf7 33. Rb7+ Kg6 34. c7 Kf5 35.
Ra7 e5) 30. Rb7+ Kg6 31. c7 Rd1+ 32. Rxd1 Rxd1+ 33. Ke2 Rc1 34. Kd2 Rc6 35. Kd3
Kf5 36. Kd4 g5 37. Ra7 Rc1 $1 38. f3 (38. Rxa5+ e5+ $11) 38... h5 39. g3 Rc6
$11) 27... Nc7 28. g3 Kf7 29. Rc5 Nd5 30. Ra6 Ne7 $1 31. Raxa5 Nf5 32. Rab5 (
32. Bb2 Nxd4 33. Bxd4 Rxd4 34. Ra7+ R8d7 $11) 32... Nxd4 33. Rb1 Ra8 34. a5 e5
$11 35. Rb6 Ne6 36. Rcb5 Nd4 37. Rc5 Ne6 38. Rcb5 Nd4 39. Rc5 1/2-1/2

[Event "Nettetal"]
[Site "Nettetal"]
[Date "1992.02.15"]
[Round "10"]
[White "Stangl, Markus"]
[Black "Van der Sterren, Paul"]
[Result "1-0"]
[WhiteElo "2465"]
[BlackElo "2535"]
[Annotator "Ernst,T"]
[PlyCount "129"]
[EventDate "1992.02.06"]
[EventType "tourn"]
[EventRounds "11"]
[EventCountry "GER"]
[EventCategory "9"]
[SourceTitle "CBM 028"]
[Source "ChessBase"]
[SourceDate "1992.06.01"]
[SourceVersion "1"]
[SourceVersionDate "1992.06.01"]
[SourceQuality "1"]

1. c4 c6 2. Nf3 d5 3. d4 Nf6 4. Nc3 dxc4 5. a4 Bf5 6. e3 e6 7. Bxc4 Bb4 8. O-O
Nbd7 9. Qe2 O-O {Sicher} (9... Bg6 $5 {Abenteuerlich} 10. e4 Bxc3 11. bxc3 Nxe4
12. Ba3 $13) 10. e4 Bg6 11. Bd3 Bh5 12. Bf4 Re8 13. e5 Nd5 14. Nxd5 cxd5 15. h3
a6 16. Rfc1 Be7 17. Bd2 (17. Rc3 $5 Bxf3 18. Qxf3 Nb8 $2 19. Bxh7+ Kxh7 20.
Qh5+ Kg8 21. Rg3 $40 {Polugaevsky,L-Torre,E/London/1984/1-0/}) 17... Nb8 $1 18.
g4 Bg6 19. Bxg6 fxg6 $1 (19... hxg6 20. Kg2 {/\ h2-h4-h5}) 20. b4 Nc6 21. b5
Na5 $2 (21... axb5 22. Qxb5 Qd7 23. Rab1 Reb8 $10) 22. Bxa5 $1 {Abtausch des
schlechten Läufers} Qxa5 23. bxa6 Qxa6 (23... Rxa6 24. Rab1 Rb6 25. Qc2 $16)
24. Qxa6 Rxa6 25. Rc7 $1 $16 Ra7 (25... b5 $2 26. Rac1 bxa4 27. Rxe7 Rxe7 28.
Rc8+ Kf7 29. Ng5#) 26. Rb1 Rxa4 27. Rbxb7 Kf8 (27... Bf8 28. Rc6 h6 {
Verhindert 29.Ng5} 29. Nh4 Kh7 30. Rbb6 Rxd4 31. Rxe6 Rxe6 32. Rxe6 $16) 28.
Rc6 Bd8 29. Rb8 h6 30. Kg2 $2 (30. Rcc8 Ke7 31. Nh4 Kd7 (31... Rxd4 32. Rb7+
Kf8 33. Nxg6+ $18) 32. Nxg6 Rxd4 33. Rc5 $18 {/\ Rb8-b7}) 30... Ra7 $2 (30...
g5 $1) 31. Nd2 Ba5 32. Rxe8+ Kxe8 33. Nb3 Kf7 34. Nc5 Re7 35. f4 Bb4 36. Na6
Rb7 (36... Ba5 37. Kf3 Rb7 38. Nc5 Re7 39. f5 gxf5 40. gxf5 exf5 41. Kf4 g6 42.
Rf6+ Kg7 43. Ne6+ Kh7 44. Nf8+ $18) 37. Nc7 Ba5 38. Nxe6 Rb2+ 39. Kf3 Rb3+ 40.
Ke2 Rxh3 41. Ra6 Rh2+ 42. Kf1 Rh1+ 43. Ke2 Rh2+ 44. Kd1 Bc3 45. f5 gxf5 46.
gxf5 Rd2+ 47. Kc1 Rg2 48. Ra7+ Kg8 49. f6 gxf6 50. exf6 Rf2 51. Rg7+ Kh8 52. f7
Bb4 53. Rg8+ Kh7 54. f8=Q Bxf8 55. Rxf8 Rxf8 56. Nxf8+ Kg7 57. Nd7 Kg6 58. Kd2
Kf5 59. Ke3 h5 60. Kf3 h4 61. Nc5 h3 62. Kg3 h2 63. Kxh2 Kf4 64. Kg2 Ke3 65.
Ne6 1-0

[Event "Valby K41"]
[Site "Valby"]
[Date "1991.??.??"]
[Round "6"]
[White "Razuvaev, Yuri S"]
[Black "Hector, Jonny"]
[Result "1/2-1/2"]
[WhiteElo "2590"]
[BlackElo "2500"]
[Annotator "Ernst,T"]
[PlyCount "86"]
[EventDate "1991.09.??"]
[EventType "tourn"]
[EventRounds "9"]
[EventCountry "DEN"]
[EventCategory "10"]
[SourceTitle "CBM 027"]
[Source "ChessBase"]
[SourceDate "1992.04.01"]
[SourceVersion "1"]
[SourceVersionDate "1992.04.01"]
[SourceQuality "1"]

1. d4 d5 2. c4 c6 3. Nf3 Nf6 4. Nc3 dxc4 5. a4 Bf5 6. e3 e6 7. Bxc4 Bb4 8. O-O
Nbd7 9. Qe2 Bg6 10. e4 O-O (10... Bxc3 11. bxc3 Nxe4 12. Ba3 Qc7 13. Nd2 Nxd2
14. Qxd2 O-O-O 15. Be7 $1 Rde8 16. Bh4 $16 {Razuvaev - Levitt, Reykjavik (open)
, 1990.}) 11. Bd3 Re8 12. e5 Nd5 13. Bxg6 fxg6 14. Ne4 h6 15. a5 Be7 16. Bd2 a6
17. b4 $1 {Weiss muss unbedingt den Befreiungsvorstoss c6-c5 verhindern.} Nf8
18. Rab1 Rb8 19. h4 Bxh4 $1 {Ein sehr starkes Qualitätsopfer, denn sonst
spielt Weiss g2-g3 und steht besser.} 20. Nd6 Be7 21. Nxe8 Qxe8 22. Ne1 g5 23.
Qe4 Qf7 24. Nd3 Qf5 25. f3 Nc7 26. Be3 Nd5 27. Bd2 Nc7 28. Rbc1 Rd8 29. Rfd1 $6
Qxe4 30. fxe4 Rxd4 31. Be3 Rxe4 32. Bc5 Ng6 33. Bxe7 Nxe7 34. Nc5 Rxe5 35. Rd8+
Kf7 36. Nxb7 Ncd5 37. Nc5 Nf5 38. Rd7+ Kg6 39. g4 (39. Nxa6 g4 40. Nc5 Re2 $40)
39... Nh4 40. Kf2 Re3 41. Rc4 $1 Rh3 42. Re4 Rh2+ 43. Kf1 Rh1+ 1/2-1/2

[Event "Oakham YM"]
[Site "Oakham"]
[Date "1992.??.??"]
[Round "9"]
[White "Sjodahl, Pontus"]
[Black "Chabanon, Jean Luc"]
[Result "1/2-1/2"]
[WhiteElo "2345"]
[BlackElo "2410"]
[Annotator "Ernst,T"]
[PlyCount "65"]
[EventDate "1992.03.??"]
[EventType "swiss"]
[EventRounds "9"]
[EventCountry "ENG"]
[SourceTitle "CBM 030"]
[Source "ChessBase"]
[SourceDate "1992.10.01"]
[SourceVersion "1"]
[SourceVersionDate "1992.10.01"]
[SourceQuality "1"]

1. d4 d5 2. c4 c6 3. Nf3 Nf6 4. Nc3 dxc4 5. a4 Bf5 6. e3 e6 7. Bxc4 Bb4 8. O-O
Nbd7 9. Qe2 O-O 10. e4 Bg6 11. e5 (11. Bd3 {Hauptvariante} Bh5 (11... Re8 12.
e5 Nd5 13. Nxd5 cxd5 $2 14. Bxg6 fxg6 15. Qb5 a5 16. Bg5 Be7 17. Rac1 $1 $16)
12. e5 Nd5 13. Nxd5 cxd5 14. Qe3 {/\ 15.Ng5} Be7 15. Bd2 Nb8 16. Ne1 {16.b4!?}
Bg6 17. f4 Nc6 18. g4 f5 19. exf6 Bxf6 20. Bc3 Qe8 21. h3 $13) 11... Nd5 12.
Bd2 {Tukmakov} (12. Nxd5 cxd5 13. Bd3 $10) (12. Bg5 Qa5 13. Nxd5 $6 cxd5 14.
Bb5 Nb8 $1 15. Nh4 a6 16. Nxg6 fxg6 17. Bd3 Nc6 $15) 12... Qa5 13. Rfc1 Rac8
14. Nh4 N5b6 15. Nxg6 hxg6 16. Ne4 Bxd2 17. Nxd2 c5 18. dxc5 Nxc5 19. Nf3 Rfd8
20. h4 Qb4 21. a5 Nd5 22. Bxd5 exd5 23. Qe3 d4 24. Qf4 Ne6 25. Rxc8 Rxc8 26.
Rc1 $1 Rc6 (26... Nxf4 27. Rxc8+ Kh7 28. Ng5+ Kh6 29. Rh8#) 27. Rxc6 bxc6 28.
Qd2 Qc4 29. b4 a6 30. g3 Qd5 31. Qd3 Kf8 32. Nd2 Nc7 33. Nf3 1/2-1/2